000 00437nam a2200181 a 4500
001 6264
003 CO-ViMGA
008 141112s2004 ck r 000 u spa d
040 _aCO-ViMGA
_bspa
_cCO-ViMGA
082 0 4 _a291 C177f
100 1 _aCastaƱeda, Carlos
245 1 0 _aEl fuego interior
260 _aBarcelona :
_bEmece,
_c1986
300 _a316 p
490 _aTop, 38
650 1 4 _aMITOLOGIA MEXICANA
_953751
942 _2ddc
_cBK
999 _c18236
_d18236